000 00898nam a2200229 a 4500
001 56645
003 BD-RjUL
005 20211209080423.0
008 161203s1974 ii ||||| |||| 00| 0 ben d
035 _a(BD-RjUL)56769
040 _aBD-RjUL
_bben
_cBD-RjUL
041 _aben
082 _223
_a891.44092
_bBHD 1974
100 _aভট্রাচার্য, আশুতোষ
_9123758
245 1 0 _aদ্বিজেন্দ্রলাল প্রহসন /
_cআশুতোষ ভট্রাচার্য
250 _a১ম সং .
260 _aকলিকাতা :
_bবিশ্বাস পাবলিশিং,
_c১৯৭৪
300 _a১৫১ পৃ. ;
_c২১ সেমি .
600 _aরায়, দ্বিজেন্দ্রলাল,
_xজীবনী
_9192512
600 _aRoy, Dijendrolal,
_xBiography
_9192513
942 _2ddc
_cBK
999 _c56645
_d56645